Doporučení evropských institucí v boji proti COVID-19

Spolupráca poistného trhu, dohľadových (národných a európskych) orgánov a ostatných európskych inštitúcií. Spotrebiteľské odporúčania Európskeho orgánu pre poisťovníctvo a dôchodkové poistenie zamestnancov (EIOPA), proklientske opatrenia poisťovní a flexibilita počas pandémie COVID-19. Zoznam osvedč...

Description complète

Enregistré dans:
Détails bibliographiques
Auteur principal: Desanti Danielowitzová, Nina
Format: Chapitre de livre
Langue:tchèque
Sujets:
Tags: Ajouter un tag
Pas de tags, Soyez le premier à ajouter un tag!

MARC

LEADER 00000naa a2200000 4500
001 0267771
005 20201116124027.8
041 0 |a cze 
044 |a CZ 
245 1 0 |a Doporučení evropských institucí v boji proti COVID-19  |c Nina Desanti Danielowitzová 
520 |a Spolupráca poistného trhu, dohľadových (národných a európskych) orgánov a ostatných európskych inštitúcií. Spotrebiteľské odporúčania Európskeho orgánu pre poisťovníctvo a dôchodkové poistenie zamestnancov (EIOPA), proklientske opatrenia poisťovní a flexibilita počas pandémie COVID-19. Zoznam osvedčených postupov v boji proti kríze COVID-19. Aktuálnou témou pre európske inštitúcie sú i možnosti krytia pandemických rizík a pandemického fondu. 
610 2 0 |a poisťovníctvo 
610 2 0 |a poisťovne 
610 2 0 |a trh poistný 
610 2 0 |a asociácie 
610 2 0 |a Európska komisia 
610 2 0 |a Európska únia 
610 2 0 |a opatrenia 
610 2 0 |a riziko poistné 
610 2 0 |a kríza 
610 2 0 |a koronavírus 
100 1 |a Desanti Danielowitzová, Nina